| 000 | 00541nam a2200193 a 4500 | ||
|---|---|---|---|
| 005 | 20210223124601.0 | ||
| 008 | 020305s1993 mx r 000 0 spa d | ||
| 020 | _a1567990258 | ||
| 035 | _aUPN01000116585 | ||
| 049 | _aCE | ||
| 050 | 4 |
_aSB449.3 D7 _bR6.2 |
|
| 100 | 1 | _aRogers, Barbara Radcliffe | |
| 245 | 1 | 0 |
_aDrying flowers / _cBarbara Radcliffe Rogers. |
| 260 |
_aNew York : _bFriedman/Fairfax, _c1993. |
||
| 300 |
_a128 p. : _bil., col. |
||
| 650 | 4 |
_aFLORES - _xDESHIDRATACION |
|
| 650 | 4 |
_aARREGLOS FLORALES _92440 |
|
| 905 | _aLibro | ||
| 999 |
_c89322 _d89322 |
||